000 00570cam a2200193 4500
020 _a0876631650
040 _cDLC
082 0 0 _a330 UNI 1972 A068 Or.
245 0 4 _aThe Limits to growth;
_ba report for the Club of Rome's project on the predicament of mankind
260 _aNew York,
_bUniverse Books
_c[1972]
300 _a205 p.
_billus.
_c21 cm.
500 _a"A Potomac Associates book."
650 0 _aEconomic history
650 0 _aEconomic development.
650 0 _aSocial history
700 1 _aMeadows, Donella H.
710 2 _aClub of Rome.
942 _cEK
999 _c14489
_d14489